000 01622cas a2200325 a 4500
999 _c16914
_d16914
005 20180504060934.0
008 891016d19901995ncuqr p o 0 a0eng c
022 0 _a1046-7009
040 _aNSD
_cNSD
_dNYG
_dDLC
_dWAU
_dHUL
_dDLC
_dELM
_dNST
_dAGL
_dNST
_dAGL
_dGUA
_dNST
_dCOO
_dNST
_dNSD
_dWAU
_dDLC
_dIUL
_dAGL
_dOCLCQ
_dLVB
_dHLS
_dNSD
_dOCLCQ
_dGBVCP
_dDLC
_dUKMGB
_dOCLCO
_dDLC
_dOCLCF
_dOCLCO
_dL2U
_dCO-BoIAVH
041 0 _aeng
044 _axxu
090 _aSE
245 0 0 _aForest & conservation history.
246 3 2 _aForest and conservation history
260 _aDurham, NC (EE.UU.) :
_bForest History Society in association with Duke University Press,
_cc1990-c1995.
300 _bilustraciones ;
_c28 cm.
310 _aq
500 _aTitle from cover.
580 _aMerged with: Environmental history review, to form: Environmental history.
590 _aSERBIB/SERLOC merged record
650 2 6 _aBosques
_zEstados Unidos
_xHistoria
_vPublicaciones periódicas
650 2 6 _aCiencias forestales
_zEstados Unidos
_xHistoria
_vPublicaciones periódicas
650 2 6 _aConservación de recursos
_zEstados Unidos
_xHistoria
_vPublicaciones periódicas
710 2 _aForest History Society.
776 0 8 _iAlso available online:
_tForest & conservation history (Online)
_x2325-5803
_w(DLC) 2007265276
_w(OCoLC)175290740
780 0 0 _tJournal of forest history
_x0094-5080
_w(DLC) 74644094
_w(OCoLC)1793553
785 1 7 _tEnvironmental history review
_x1053-4180
_w(DLC) 91649680
_w(OCoLC)22195612
785 1 7 _tEnvironmental history
_x1084-5453
_w(DLC) 96651273
_w(OCoLC)33092825
942 _2z
_cREVISTA
_s1